[Event "HUN-chT29899"]
[Site "HUN"]
[Date "1999.??.??"]
[Round "?"]
[White "Csoke, Krisztian"]
[Black "Rovid, Kalman"]
[Result "0-1"]
[WhiteElo "2200"]
[BlackElo "2370"]

1.e4 c5 2.Nf3 Nc6 3.Bb5 g6 4.O-O Nf6 5.Re1 Bg7 6.Nc3 O-O 7.d3 d6 8.Bxc6 bxc6
9.e5 Nd5 10.exd6 exd6 11.Ne2 Re8 12.h3 Rb8 13.c4 Ne7 14.Nc3 Nf5 15.Bg5 Qd7
16.Qd2 h6 17.Bf4 g5 18.Bh2 Re6 19.Rab1 Qe7 20.b3 Bd7 21.Rxe6 Bxe6 22.Ne4 Rd8
23.Qa5 Nd4 24.Nxd4 Bxd4 25.Re1 d5 26.Nd2 Qf6 27.Re2 Bc3 28.Qc7 Rc8 29.Qd6 Bxd2
30.Be5 Bf4 31.Bxf4 gxf4 32.Qxc5 f3 33.Re3 fxg2 34.Rg3+ Kh7 35.Qxa7 Rg8 36.Rxg8 Kxg8
37.Qa8+ Kh7 38.Qxc6 Qf3 39.Qd6 Bxh3  0-1

[Event "HUN-chT29899"]
[Site "HUN"]
[Date "1999.??.??"]
[Round "?"]
[White "Dovzik, Juri"]
[Black "Kaposztas, Miklos"]
[Result "1-0"]
[WhiteElo "2375"]
[BlackElo "2235"]

1.e4 c5 2.Nf3 Nc6 3.Bb5 e6 4.O-O Nd4 5.Nxd4 cxd4 6.c3 a6 7.Ba4 Bc5 8.b4 Ba7
9.Bb2 dxc3 10.Nxc3 Bd4 11.Qf3 Ne7 12.b5 O-O 13.Qd3 e5 14.Rab1 d6 15.bxa6 bxa6
16.Nd1 Bxb2 17.Rxb2 Be6 18.Ne3 Rb8 19.Rxb8 Qxb8 20.Rb1 Qc7 21.Bb3 a5 22.g3 a4
23.Bxe6 fxe6 24.Qc4 Qd7 25.Qb5 Nc6 26.Rf1 a3 27.Qa4 Qc7 28.Nc2 Nd8 29.Nxa3 Nb7
30.Qc4 Nc5 31.Nb5 Qc6 32.Rc1 Ra8 33.d3 Ra5 34.a4 Qd7 35.Nc3  1-0

[Event "HUN-chT9899"]
[Site "HUN"]
[Date "1999.??.??"]
[Round "?"]
[White "Kozma, Edit"]
[Black "Szabo, Virag"]
[Result "1-0"]
[WhiteElo "2110"]
[BlackElo "2095"]

1.e4 c5 2.Nf3 Nc6 3.Bb5 g6 4.O-O Bg7 5.c3 Nf6 6.Re1 O-O 7.d4 cxd4 8.cxd4 d5
9.e5 Ne4 10.Nc3 Nxc3 11.bxc3 Qa5 12.Qb3 Bg4 13.Ba3 Rac8 14.Bxc6 Rxc6 15.Bxe7 Rfc8
16.Bc5 b6 17.Bb4 Qb5 18.a4 Qd3 19.a5 bxa5 20.Rxa5 Bxf3 21.gxf3 Qxf3 22.Qxd5 Qg4+
23.Qg2 Qd7 24.Rea1 R6c7 25.h3 Bf8 26.Bxf8 Kxf8 27.Qg4 Qe7 28.Rxa7 h5 29.Qxc8+ Rxc8
30.Rxe7 Kxe7 31.Rc1 Rc4 32.Kf1 Ke6 33.Ke2 f6 34.Kd3 Ra4 35.exf6 Kxf6 36.c4  1-0

[Event "HUN-chT9899"]
[Site "HUN"]
[Date "1999.??.??"]
[Round "?"]
[White "Ruck, Robert"]
[Black "Acs, Peter"]
[Result "1/2-1/2"]
[WhiteElo "2485"]
[BlackElo "2500"]

1.e4 c5 2.Nf3 Nc6 3.Bb5 g6 4.Bxc6 bxc6 5.O-O Bg7 6.Re1 Nh6 7.c3 f6 8.d4 cxd4
9.cxd4 O-O 10.h3 d6 11.Nc3 Nf7 12.Be3 Bd7 13.Rc1 Qa5 14.Nd2 f5 15.e5 dxe5
16.Nc4 Qb4 17.Nxe5 Nxe5 18.dxe5 f4 19.Qd4 Qxd4 20.Bxd4 f3 21.Rcd1 Be6 22.Bc5 Rf5
23.g4 Rxe5 24.Rxe5 Bxe5 25.Re1 Bxc3 26.bxc3 Bxa2 27.Ra1 Bc4 28.Rxa7 Rxa7
29.Bxa7 Kf7 30.Kh2 Kf6 31.Kg3 Bd5 32.Bd4+ e5 33.Be3 Kf7 34.h4 h5 35.gxh5 gxh5
36.Bh6 Kg6 37.Bf8 Kf5 38.Bg7 c5 39.Bf8 c4 40.Bg7 Ke4 41.Bf6 Be6  1/2-1/2

[Event "HUN-chT9899"]
[Site "HUN"]
[Date "1999.??.??"]
[Round "?"]
[White "Rigo, Janos"]
[Black "Meszaros, Andras"]
[Result "1-0"]
[WhiteElo "2325"]
[BlackElo "2350"]

1.e4 c5 2.Nf3 Nc6 3.Bb5 g6 4.Bxc6 bxc6 5.O-O Bg7 6.Re1 Nf6 7.e5 Nd5 8.c4 Nc7
9.Nc3 O-O 10.d4 cxd4 11.Qxd4 d5 12.cxd5 Nxd5 13.Rd1 Qc7 14.Nxd5 cxd5 15.Bg5 Be6
16.Rac1 Qb7 17.b4 h6 18.Bd2 Rac8 19.a4 Rc4 20.Rxc4 dxc4 21.Bc3 Qa6 22.a5 Qb7
23.Nd2 Bd5 24.f3 Rc8 25.Nf1 Be6 26.Ng3 Qc7 27.Ne4 Bf5 28.Nc5 h5 29.f4 e6
30.Qd7 Bf8 31.Na6 Qc6 32.Qxc6 Rxc6 33.b5 Rc8 34.Rd7 Bc5+ 35.Kf1 Bd3+ 36.Ke1 Be3
37.g3 h4 38.Nb4 hxg3 39.hxg3 Rb8 40.b6 axb6 41.a6 Be4 42.Bd4 Bxd4 43.Rxd4 Bd5
44.Kd2 Ra8 45.Kc3 Kf8 46.g4 Kg7 47.f5 Rd8 48.fxe6 fxe6 49.g5 Ra8 50.Rd2 Kf7
51.Rf2+ Ke7 52.Rh2 Kf7 53.Rh7+ Kg8 54.Re7 Kf8 55.Rc7 Bf3 56.a7 b5 57.Nc2 Rd8
58.Nd4 Bd5 59.Nxb5 Kg8 60.Nd6 Rf8 61.Rc8 Kg7 62.Rxf8  1-0

[Event "HUN-chT29899"]
[Site "HUN"]
[Date "1999.??.??"]
[Round "?"]
[White "Biro, Andras"]
[Black "Gyorkos, Lajos"]
[Result "0-1"]
[WhiteElo "2265"]
[BlackElo "2435"]

1.e4 c5 2.Nf3 Nc6 3.Bb5 g6 4.O-O Bg7 5.c3 Nf6 6.Re1 O-O 7.d4 cxd4 8.cxd4 d5
9.e5 Ne4 10.Nc3 Nxc3 11.bxc3 Bd7 12.Bf4 Nxe5 13.dxe5 Bxb5 14.Qd2 Rc8 15.Bh6 Bd7
16.Rab1 Qc7 17.Qg5 Bf5 18.Rb4 Be4 19.Re3 f6 20.Qh4 g5 21.Bxg5 fxg5 22.Nxg5 Bg6
23.Ne6 Qd7 24.Nxg7 Kxg7 25.e6 Qd6 26.Rxb7 Rf6 27.g4 d4 28.g5 Rf4 29.Qh6+ Kg8
30.Rd7 dxe3  0-1

[Event "HUN-chT9899"]
[Site "HUN"]
[Date "1999.??.??"]
[Round "?"]
[White "Paksa, Rudolf"]
[Black "Mann, Gerald"]
[Result "0-1"]
[WhiteElo "2275"]
[BlackElo "2250"]

1.e4 c5 2.Nf3 Nc6 3.Bb5 g6 4.O-O Bg7 5.c3 e5 6.d4 cxd4 7.cxd4 exd4 8.Na3 Nge7
9.Bf4 a6 10.Bc4 d6 11.Ng5 O-O 12.Qb3 d5 13.Bxd5 Nxd5 14.exd5 Ne7 15.d6 Nc6
16.Rfe1 Qf6 17.Qg3 Be6 18.Nxe6 fxe6 19.Bg5 Qf5 20.Nc4 Rf7 21.d7 h6 22.Nd6 Qxg5
23.Qb3 Qd5 24.Qxb7 Rd8 25.Nxf7 Kxf7 26.Rac1 Ne7 27.Qxa6 Rxd7 28.Rc5 Qxc5
29.Qxe6+ Ke8 30.Qg8+ Bf8 31.Qxg6+ Kd8 32.Qf7 Nc6 33.Re8+ Kc7 34.Qf4+ Bd6
35.Qxh6 d3 36.g3 Be5 37.b4 Qxb4 38.Re6 Qe1+ 39.Kg2 Qe4+ 40.f3 Qe2+ 41.Kh3 Qxf3  0-1

[Event "HUN-chT29899"]
[Site "HUN"]
[Date "1999.??.??"]
[Round "?"]
[White "Kis, Jozsef"]
[Black "Molnar, Emil"]
[Result "0-1"]
[WhiteElo "2175"]
[BlackElo "2155"]

1.e4 c5 2.Nf3 Nc6 3.Bb5 g6 4.O-O Bg7 5.c3 e5 6.d3 Nge7 7.Be3 Qb6 8.Na3 O-O
9.b4 d6 10.Rb1 Be6 11.bxc5 dxc5 12.Bc4 Qa5 13.Bxe6 Qxa3 14.Bc4 Na5 15.Bc1 Qxc3
16.Bd2 Qa3 17.Bc1 Qc3 18.Bb2 Qb4 19.Ba1 Qa3 20.Bb2 Qb4 21.Bc1 Qxb1  0-1

[Event "HUN-chT29899"]
[Site "HUN"]
[Date "1999.??.??"]
[Round "?"]
[White "Farkas, Tibor"]
[Black "Kaman, Attila"]
[Result "1/2-1/2"]
[WhiteElo "2340"]
[BlackElo "2180"]

1.e4 c5 2.Nf3 Nc6 3.Bb5 g6 4.O-O Bg7 5.Bxc6 dxc6 6.d3 Nf6 7.h3 O-O 8.Nc3 b6
9.Be3 Qc7 10.Qd2 e5 11.Bh6 Re8 12.Bxg7 Kxg7 13.Nh2 Nh5 14.Ne2 Be6 15.f4  1/2-1/2

[Event "Godal mem"]
[Site "HUN"]
[Date "1999.??.??"]
[Round "2"]
[White "Kelemen, Gyorgy"]
[Black "Barabas, Tibor"]
[Result "0-1"]
[WhiteElo "2180"]
[BlackElo "2110"]

1.e4 c5 2.Nf3 Nc6 3.Bb5 g6 4.O-O Bg7 5.c3 d5 6.Qa4 dxe4 7.Bxc6+ bxc6 8.Qxc6+ Bd7
9.Qxe4 Nf6 10.Qc4 Qb6 11.Ne5 Be6 12.Qa4+ Nd7 13.Nxd7 Bxd7 14.Qc2 O-O 15.d3 Bf5
16.Qe2 Qd6 17.d4 cxd4 18.cxd4 Bxd4 19.Be3 Qe5 20.Nd2 Bxe3 21.Qxe3 Qxb2 22.Nb3 Qa3
23.Rfe1 Rfe8 24.Qe5 Qd6 25.Qe3 a5 26.Nd4 Bc8 27.Rac1 Bb7 28.f3 Rac8 29.Nb5 Qd7
30.a4 Rxc1 31.Rxc1 Rc8 32.Kf2 Rxc1 33.Qxc1 Qc6 34.Qxc6 Bxc6 35.Ke3 e5 36.Kd3 Bd5
37.Kc3 f5 38.Nd6 Kg7 39.Nc4 Bxc4 40.Kxc4 Kf6 41.Kd5 g5 42.h3 h5 43.g4 fxg4
44.fxg4 h4 45.Kc4 Ke6 46.Kc5 Ke7 47.Kd5 Kf6 48.Kc4 e4 49.Kd4 e3 50.Kxe3 Ke5
51.Kf3 Kd5 52.Ke3 Ke5 53.Kf3 Kd4 54.Kf2 Kc4 55.Ke3 Kb4 56.Ke4 Kxa4 57.Kf5 Kb5
58.Kxg5 a4 59.Kh6 a3 60.g5 a2 61.g6 a1=Q 62.g7 Qf6+ 63.Kh7 Qf5+ 64.Kh8 Qh5+
65.Kg8 Kc6  0-1

[Event "Balaton op"]
[Site "Hungary"]
[Date "1999.??.??"]
[Round "2"]
[White "Szirmai, Eduard"]
[Black "Bodrogi, Laszlo"]
[Result "0-1"]
[WhiteElo "2205"]
[BlackElo "2080"]

1.Nf3 c5 2.e4 Nc6 3.Bb5 g6 4.O-O Bg7 5.c3 Nf6 6.Re1 O-O 7.d4 Qb6 8.Na3 cxd4
9.cxd4 d5 10.e5 Ne4 11.h3 f6 12.Be3 Be6 13.Bxc6 bxc6 14.Re2 Qa6 15.Rc1 c5
16.dxc5 fxe5 17.Ng5 Nxg5 18.Bxg5 Rf7 19.Nc2 d4 20.Nb4 Qb5 21.a3 a5 22.Nd3 Bc4
23.Rxc4 Qxc4 24.Rxe5 Re8 25.Re2 Qd5 26.Bd2 e5 27.f3 e4 28.fxe4 Rxe4 29.Rxe4 Qxe4
30.Bxa5 Bh6 31.c6 Be3+ 32.Kh1 Qxc6 33.Ne5 Qb5 34.Nxf7 Qxa5 35.Nd6 Qd5 36.Nc8 Qc5
37.Qg4 Qc1+ 38.Kh2 Qg1+ 39.Kg3 Qf2+ 40.Kh2 Bf4+  0-1

[Event "Balaton op"]
[Site "Hungary"]
[Date "1999.??.??"]
[Round "4"]
[White "Ritter, Gabor"]
[Black "Horvath, Gabor"]
[Result "0-1"]
[WhiteElo "2190"]
[BlackElo "2235"]

1.e4 c5 2.Nf3 Nc6 3.Bb5 e6 4.O-O Nge7 5.Nc3 a6 6.Bxc6 Nxc6 7.d4 cxd4 8.Nxd4 Be7
9.Be3 O-O 10.Qe2 b5 11.Rad1 Qc7 12.f4 Bb7 13.Nb3 d6 14.Qf2 Rac8 15.Bb6 Qb8
16.Rd3 Nb4 17.Rh3 Nxc2 18.Qxc2 b4 19.e5 h6 20.Bd4 bxc3 21.Rxc3 Bd5 22.exd6 Bxd6
23.Nc5 Qb4 24.Qf2 Bc4 25.a3 Qb5 26.Rfc1 Rxc5 27.b3 Rf5 28.bxc4 Qb8 29.g3 e5
30.Ba7 Qc8 31.Rf3 exf4 32.gxf4 Qc7 33.Bb6 Qc6 34.Bd4 Bxf4 35.Rf1 Rd8 36.Ba1 Rd6  0-1

[Event "Kharkov"]
[Site "Kharkov"]
[Date "1999.??.??"]
[Round "2"]
[White "Gasanov, Eldar"]
[Black "Grokhotov, Vladimir T"]
[Result "1/2-1/2"]
[WhiteElo "2369"]
[BlackElo "2350"]

1.e4 c5 2.Nf3 Nc6 3.Bb5 g6 4.Bxc6 dxc6 5.d3 Bg7 6.h3 Nf6 7.Nc3 O-O 8.Be3 b6
9.Qd2 Ba6 10.Bh6 c4 11.d4 b5 12.e5 b4 13.Bxg7 bxc3 14.Qxc3 Kxg7 15.exf6+ exf6
16.O-O Qd5 17.Rfe1 Bc8 18.Rad1 Rd8 19.Nd2 Qxd4 20.Qxd4 Rxd4 21.c3 Rd5 22.Nxc4 Be6
23.Rxd5 cxd5 24.Nd2 Rb8 25.b3 g5 26.Nf3 h5 27.Nd4 Rb6 28.f4 h4 29.a4 a5 30.Kf2 Kg6
31.Re2 Rb8 32.f5+ Bxf5 33.Nc6 Rxb3 34.Ne7+ Kh7 35.Nxf5 Rxc3 36.Rd2 Ra3 37.Rd4 Ra2+
38.Kg1 Ra1+ 39.Kh2 Kg6 40.Ne7+ Kh5 41.Nf5 Kg6 42.Ne7+ Kh5 43.Nc6 f5 44.g4+ hxg3+
45.Kxg3 f4+ 46.Kf2 Ra2+ 47.Ke1 Kh4 48.Nxa5 Kxh3 49.Nb3 f3 50.Nd2 g4 51.Kf2 Ra3
52.Nf1 f5 53.Rxd5 Rxa4 54.Rxf5 Ra2+ 55.Kg1 Kh4 56.Rf8 Re2 57.Rh8+ Kg5 58.Rg8+ Kf4
59.Rf8+ Ke5 60.Re8+ Kf4 61.Rf8+  1/2-1/2

[Event "Kharkov"]
[Site "Kharkov"]
[Date "1999.??.??"]
[Round "7"]
[White "Cherevatenko, Roman"]
[Black "Grokhotov, Vladimir T"]
[Result "1-0"]
[WhiteElo "2410"]
[BlackElo "2350"]

1.e4 c5 2.Nf3 Nc6 3.Bb5 g6 4.Bxc6 dxc6 5.d3 Bg7 6.h3 Nf6 7.Nc3 O-O 8.Be3 Qa5
9.O-O Ne8 10.Qd2 Nc7 11.Bh6 Ne6 12.Bxg7 Kxg7 13.Ne5 Nd4 14.f4 Qc7 15.Rae1 g5
16.Nd1 f6 17.Nc4 b5 18.Na3 Ne6 19.f5 Nf4 20.Ne3 h5 21.h4 gxh4 22.Qf2 e5 23.fxe6 Nxe6
24.Qxh4 Ng5 25.e5 Qxe5 26.Nf5+ Qxf5 27.Rxf5 Bxf5 28.Re7+ Kg6 29.Qf2 Rfe8
30.Qxc5 Rxe7 31.Qxe7 a6 32.Nb1 Nf7 33.Nc3 Ne5 34.Ne2 Bg4 35.d4 Nc4 36.Nf4+ Kf5
37.g3  1-0

[Event "Kiev-ch"]
[Site "Kiev"]
[Date "1999.??.??"]
[Round "7"]
[White "Zigura, Oleg"]
[Black "Mazurok, Alexey"]
[Result "0-1"]
[WhiteElo "2430"]
[BlackElo "2263"]

1.e4 c5 2.Nf3 Nc6 3.Bb5 e6 4.Bxc6 bxc6 5.O-O Ne7 6.e5 Ng6 7.Re1 Be7 8.Nc3 O-O
9.d3 f6 10.exf6 Bxf6 11.Ne4 d6 12.Rb1 a5 13.c3 e5 14.Qa4 Qc7 15.d4 cxd4 16.cxd4 Bf5
17.dxe5 Nxe5 18.Nd4 Bd7 19.Bf4 Rab8 20.Nxf6+ gxf6 21.Qc2 Rb4 22.Qd2 Qb6 23.Ne2 Bf5
24.a3 Rb3 25.Qxd6 Rd3 26.Qe7 Rd7 27.Be3 Rxe7 28.Bxb6 Bxb1 29.Rxb1 Nc4 30.Be3 Nxe3
31.fxe3 Rxe3 32.Kf2 Rfe8 33.Nd4 c5 34.Nf5 R3e5 35.g4 Re2+ 36.Kf3 Rxh2 37.Rc1 Rxb2
38.Rxc5 Rb3+ 39.Kf4 Rxa3 40.Rc7 Ra4+ 41.Kg3 Re1 42.Nh6+ Kf8 43.Rxh7 Ra3+
44.Kf4 Rf1+ 45.Ke4 Ke8 46.Ra7 Ra2 47.Nf5 Ra4+ 48.Ke3  0-1

[Event "Klatovy op-A"]
[Site "Klatovy"]
[Date "1999.??.??"]
[Round "2"]
[White "Hosticka, Frantisek"]
[Black "Novotny, Jiri"]
[Result "1-0"]
[WhiteElo "2234"]
[BlackElo "2280"]

1.e4 c5 2.Nf3 Nc6 3.Bb5 g6 4.O-O Bg7 5.Re1 e5 6.c3 Qa5 7.Na3 Nge7 8.d4 exd4
9.cxd4 Nxd4 10.Nxd4 cxd4 11.Bf4 O-O 12.Bd6 Re8 13.Qb3 Nc6 14.Bc4 Ne5 15.Bxe5 Qxe5
16.Bxf7+ Kh8 17.Nc4 Qe7 18.Bxe8 Qxe8 19.e5 Qe6 20.Nd6 b6 21.Qxe6 dxe6 22.Rad1 Bd7
23.Rxd4 Bc6 24.b3 h5 25.Rc4 Bd5 26.Rc8+ Kh7 27.Rxa8 Bxa8 28.Nc8 g5 29.Nxa7 Kg6
30.Nc8 b5 31.a4  1-0

[Event "Klatovy op-A"]
[Site "Klatovy"]
[Date "1999.??.??"]
[Round "5"]
[White "Ptacnik, Stanislav"]
[Black "Shurygin, Sergey"]
[Result "1-0"]
[WhiteElo "2166"]
[BlackElo "2405"]

1.e4 c5 2.Nf3 Nc6 3.Bb5 g6 4.Bxc6 dxc6 5.h3 Bg7 6.d3 Nf6 7.Nc3 Nd7 8.Be3 e5
9.Qd2 Qe7 10.Bh6 f6 11.O-O-O Nf8 12.Ne2 Be6 13.Bxg7 Qxg7 14.Qa5 Qe7 15.c3 Nd7
16.d4 cxd4 17.cxd4 exd4 18.Nfxd4 Bf7 19.Nc3 Qe5 20.Qa3 Qc5 21.Qxc5 Nxc5 22.e5 O-O-O
23.exf6 Rd6 24.b4 Nd7 25.Ne4 Rd5 26.Nf3 Kc7 27.Rde1 h6 28.Nc3 Rf5 29.Re7 Rxf6
30.Rd1 Rd8 31.Ne5 Be8 32.Ne4 Rf5 33.Nc5 Rxe5 34.Rxe5 Nxe5 35.Ne6+ Kb6 36.Nxd8 g5
37.Kd2 Bg6 38.Kc3 Bf5 39.Kd4 Ng6 40.a4 Bc2 41.a5+ Kb5 42.Rd2 Bb3 43.Kc3 Bd5
44.Nxb7 Bxg2 45.Rd8 Nf4 46.Rb8 Ka4 47.Nc5+ Ka3 48.Rb7 Nd5+ 49.Kd4 Bxh3 50.a6 h5
51.Rxa7 h4 52.Rb7 Bc8 53.Rb8 Bg4 54.a7 Nc7 55.Na6  1-0

[Event "EU-ch02 blind "]
[Site "Krynica"]
[Date "1999.??.??"]
[Round "2"]
[White "Khokhlov, Veceslav"]
[Black "Novikovas, Anatolijus"]
[Result "1-0"]
[WhiteElo "2275"]
[BlackElo "2000"]

1.e4 c5 2.Nf3 Nc6 3.Bb5 g6 4.O-O Bg7 5.Bxc6 bxc6 6.Re1 Nf6 7.d3 O-O 8.h3 d6
9.c3 h6 10.Nbd2 Ba6 11.Qc2 Rb8 12.a3 Qd7 13.b4 cxb4 14.axb4 Bc8 15.Nb3 Nh5
16.e5 g5 17.Nbd4 c5 18.bxc5 dxc5 19.e6 Qd5 20.c4 Qb7 21.Nf5 Bxe6 22.Nxg7 Kxg7
23.Qc3+ Kg8 24.d4 cxd4 25.Nxd4 Ng7 26.h4 Rfc8 27.c5 Bd5 28.hxg5 h5 29.Bf4 Ra8
30.Be5 Ne8 31.Nf5 e6 32.Nh6+ Kf8 33.Bf4 Ke7 34.Qh8 Rxc5 35.Qh7 Nd6 36.g6 Rcc8
37.Nxf7  1-0

[Event "EU-ch02 blind "]
[Site "Krynica"]
[Date "1999.??.??"]
[Round "3"]
[White "Bjerring, Kai"]
[Black "Heinich, Manfred"]
[Result "1-0"]
[WhiteElo "2305"]
[BlackElo "2180"]

1.e4 c5 2.Nf3 Nc6 3.Bb5 e6 4.O-O Nge7 5.c4 Ng6 6.d4 cxd4 7.Nxd4 Be7 8.Be3 O-O
9.Nc3 Qc7 10.Rc1 d6 11.Nd5 exd5 12.cxd5 Nxd4 13.Rxc7 Nxb5 14.Rc2 Bd8 15.a4 Nc7
16.Qc1 Bd7 17.Rxc7 Bxc7 18.Qxc7  1-0

[Event "EU-ch02 blind "]
[Site "Krynica"]
[Date "1999.??.??"]
[Round "3"]
[White "Suder, Ryszard"]
[Black "Debowska, Teresa"]
[Result "0-1"]
[WhiteElo "2185"]
[BlackElo "2100"]

1.e4 c5 2.Nf3 Nc6 3.Bb5 d6 4.O-O e6 5.c3 Bd7 6.d4 cxd4 7.cxd4 a6 8.Be2 Nf6
9.Nc3 Be7 10.Bf4 O-O 11.d5 exd5 12.exd5 Na7 13.Nd4 b5 14.Bf3 Qb6 15.Re1 Rfe8
16.Qd3 b4 17.Nce2 Ng4 18.Be4 h6 19.h3 Nf6 20.Bf5 Bf8 21.Bxd7 Nxd7 22.Nf5 Ne5
23.Qg3 Kh7 24.Rad1 Nb5 25.Ned4 Nxd4 26.Nxd4 Ng6 27.Be3 Qa5 28.Qf3 Ne5 29.Qe4+ g6
30.Rc1 Rac8 31.Rxc8 Rxc8 32.Bd2 Qb6 33.f4 Nc4 34.Be3 Nxe3 35.Qxe3 Bg7 36.Nc6 Rxc6  0-1

[Event "EU-ch02 blind "]
[Site "Krynica"]
[Date "1999.??.??"]
[Round "5"]
[White "Mlacnik, Ivan Janez"]
[Black "Krylov, Sergey"]
[Result "0-1"]
[WhiteElo "2000"]
[BlackElo "2340"]

1.e4 c5 2.Nf3 Nc6 3.Bb5 g6 4.O-O Bg7 5.c3 Nh6 6.Re1 O-O 7.d4 cxd4 8.cxd4 d5
9.exd5 Nb4 10.Nc3 Nxd5 11.Bc4 Nb6 12.Bb3 Nf5 13.d5 Bd7 14.Bg5 h6 15.Bf4 Rc8
16.Be5 Nc4 17.Bxg7 Kxg7 18.Qe2 Na5 19.Bc2 Re8 20.Rad1 Nd6 21.Nd4 Qb6 22.Qe5+ Kh7
23.Ne4 Nac4 24.Nf6+ exf6 25.Qxf6 Qd8 26.Qf4 Qg5  0-1

[Event "EU-ch02 blind "]
[Site "Krynica"]
[Date "1999.??.??"]
[Round "9"]
[White "Eros, Pal"]
[Black "Dobierzin, Olaf"]
[Result "0-1"]
[WhiteElo "2105"]
[BlackElo "2170"]

1.e4 c5 2.Nf3 Nc6 3.Bb5 g6 4.O-O Bg7 5.Re1 e6 6.c3 Nge7 7.d4 cxd4 8.cxd4 d5
9.exd5 Nxd5 10.Ne5 Bd7 11.Bxc6 Bxc6 12.Nxc6 bxc6 13.Nc3 O-O 14.Ne4 Qb6 15.Nc5 Rad8
16.Bg5 Rd6 17.Ne4 Rd7 18.Nc5 Rc7 19.Qd2 e5 20.Be3 Nxe3 21.fxe3 exd4 22.exd4 Rd8
23.Qg5 Bxd4+ 24.Kh1 f6 25.Qf4 Bxc5 26.Qxf6 Rf8 27.Qe6+ Kg7 28.Qe5+ Rf6 29.Rad1 Re7
30.Qc3 Rxe1+ 31.Qxe1 Qxb2 32.h3 Rf7 33.Qe8 Qf6 34.Rc1 Bd6 35.Qxc6 Qf1+ 36.Rxf1 Rxf1+  0-1

[Event "Aki Lahti mem"]
[Site "Lahti"]
[Date "1999.??.??"]
[Round "4"]
[White "Nyysti, Sampsa"]
[Black "Kallio, Heikki"]
[Result "0-1"]
[WhiteElo "2178"]
[BlackElo "2352"]

1.e4 c5 2.Nf3 Nc6 3.Bb5 g6 4.O-O Bg7 5.Re1 d6 6.Bxc6+ bxc6 7.h3 Nh6 8.c3 O-O
9.d4 cxd4 10.cxd4 f6 11.Nc3 Nf7 12.Be3 Bd7 13.Rc1 Rc8 14.Qb3 Qb6 15.Qa3 Qb7
16.Rc2 Rfe8 17.Nd2 Bf8 18.b3 e6 19.Qc1 e5 20.Qd1 Be6 21.Qf3 Bg7 22.dxe5 fxe5
23.Na4 Qe7 24.Rec1 d5 25.Bc5 Nd6 26.Ba3 Bh6 27.Rxc6 Bxd2 28.Bxd6 Rxc6 29.Rxc6 Qf7
30.Qxf7+ Kxf7 31.Rc7+ Kf6 32.exd5 Bxd5 33.Rxa7 e4 34.Bc5 e3 35.Bxe3 Rxe3
36.Rxh7 Re1+  0-1

[Event "Cleopatra op"]
[Site "Mamaia"]
[Date "1999.??.??"]
[Round "7"]
[White "Glodeanu, Ion"]
[Black "Kutnik, Alexandru"]
[Result "1-0"]
[WhiteElo "2337"]
[BlackElo "2193"]

1.e4 c5 2.Nf3 Nc6 3.Bb5 e6 4.Bxc6 bxc6 5.O-O f6 6.Re1 Nh6 7.d4 cxd4 8.Bxh6 gxh6
9.Nxd4 d6 10.Qh5+ Kd7 11.Nc3 Rb8 12.Rad1 Be7 13.Na4 Qg8 14.Qa5 Rb7 15.Nf5 d5
16.exd5 Bb4  1-0

[Event "Mancha Real-A 2nd"]
[Site "Mancha Real"]
[Date "1999.??.??"]
[Round "3"]
[White "Damaso, Rui"]
[Black "Fernandez Siles, Luis"]
[Result "1/2-1/2"]
[WhiteElo "2395"]
[BlackElo "2225"]

1.e4 c5 2.Nf3 Nc6 3.Bb5 g6 4.O-O Bg7 5.Nc3 Nd4 6.Nxd4 cxd4 7.Ne2 Qb6 8.a4 Nf6
9.c3 Nxe4 10.Nxd4 a6 11.a5 Qc7  1/2-1/2

[Event "Mancha Real-A 2nd"]
[Site "Mancha Real"]
[Date "1999.??.??"]
[Round "9"]
[White "Fernandez Siles, Luis"]
[Black "Glavina Rossi, Pablo"]
[Result "1/2-1/2"]
[WhiteElo "2225"]
[BlackElo "2425"]

1.e4 c5 2.Nf3 Nc6 3.Bb5 d6 4.d4 cxd4 5.Qxd4 Nf6 6.e5 Qa5+ 7.Nc3 Qxb5 8.Nxb5 Nxd4
9.Nfxd4 dxe5 10.Nc7+ Kd7 11.Nxa8 exd4 12.Bf4 Nd5 13.O-O-O Kc6 14.Rxd4 e5
15.Rc4+ Bc5 16.Bxe5 b6 17.Nc7 Nxc7 18.Bxc7 b5 19.Rxc5+ Kxc5 20.Re1 Be6 21.a3 Re8  1/2-1/2

[Event "Matanzas Copa Nacional"]
[Site "Matanzas"]
[Date "1999.??.??"]
[Round "8"]
[White "Gonzalez, Daniel"]
[Black "Morella, Julio"]
[Result "0-1"]
[WhiteElo "2090"]
[BlackElo "2290"]

1.e4 c5 2.Nf3 Nc6 3.Bb5 e6 4.O-O Nge7 5.c3 a6 6.Ba4 c4 7.d4 cxd3 8.Qxd3 b5
9.Bb3 Ng6 10.a4 b4 11.c4 Be7 12.Be3 O-O 13.Rd1 Qc7 14.Nbd2 Nge5 15.Nxe5 Nxe5
16.Qe2 d6 17.a5 Nd7 18.Ba4 Nc5 19.Nb3 Nxa4 20.Rxa4 Qc6 21.Rxb4 Qxe4 22.f3 Qf5
23.Qf2 Re8 24.Re1 Qh5 25.Rb6 Bh4 26.g3 Be7 27.g4 Qg6 28.Nd4 h5 29.h3 Bd8
30.Rxd6 Bxa5 31.Rd1 hxg4 32.hxg4 Bc7 33.Rc6 Be5 34.Rb6 Bc7 35.Rc6 Be5 36.Nf5 f6
37.Nd6 Rd8 38.Rd2 Bxd6 39.Rcxd6 Rxd6 40.Rxd6 Bb7 41.Rd7 Bc6 42.Rc7 Ba4 43.Qd2 Rb8
44.Ra7 Qb1+ 45.Qc1 Rxb2 46.Qxb1 Rxb1+ 47.Kf2 Bb3 48.c5 Rb2+ 49.Kg3 Bd5  0-1

[Event "Copa Union de Reyes 4th"]
[Site "Matanzas"]
[Date "1999.??.??"]
[Round "10"]
[White "Arribas, Maritza"]
[Black "Vehreschild, Axel"]
[Result "1-0"]
[WhiteElo "2320"]
[BlackElo "2110"]

1.e4 c5 2.Nf3 Nc6 3.Bb5 e6 4.O-O Nge7 5.Nc3 a6 6.Bxc6 Nxc6 7.Re1 Be7 8.d4 cxd4
9.Nxd4 Qb6 10.Nxc6 Qxc6 11.Qg4 Kf8 12.e5 h5 13.Qf4 b5 14.Be3 Bb7 15.f3 g5
16.Qg3 g4 17.Rf1 Rg8 18.Ne4 h4 19.Qf2 g3 20.hxg3 hxg3 21.Qd2 Qd5 22.Qxd5 Bxd5
23.Nc3 Bc6 24.Rfd1 Rg6 25.Ne2 Kg7 26.Nf4 Rg5 27.Ne2 Rg6 28.Nd4 Bd5 29.Nf5+ Kf8
30.Bf4 Bc5+ 31.Be3 Bxe3+ 32.Nxe3 Bc6 33.Rd4 Ke7 34.Rh4 Rd8 35.Rd1 d6 36.Rhd4 d5
37.Rh4 Rdg8 38.Rdd4 f6 39.exf6+ Kd6 40.Rdg4 Be8 41.Rh3 Rxg4 42.Nxg4 Bg6 43.Nh6 Rf8
44.Rxg3 Bxc2 45.f7 Bb1 46.a3 Ke7 47.Kf2 a5 48.Ke3 b4 49.Kd4 bxa3 50.bxa3 a4
51.Ke5 Bc2 52.f4 Be4 53.Rc3 Rd8 54.Rc7+ Kf8 55.Kf6 d4 56.Ng4 e5 57.fxe5  1-0

[Event "Mendrisio op"]
[Site "Mendrisio"]
[Date "1999.??.??"]
[Round "2"]
[White "Godena, Michele"]
[Black "Trumpf, Walter"]
[Result "1-0"]
[WhiteElo "2552"]
[BlackElo "2144"]

1.e4 c5 2.Nf3 Nc6 3.Bb5 a6 4.Bxc6 bxc6 5.O-O Nf6 6.e5 Nd5 7.c4 Nc7 8.d4 cxd4
9.Qxd4 Ne6 10.Qh4 g6 11.Bh6 Qb6 12.Bxf8 Rxf8 13.b3 Bb7 14.Nc3 g5 15.Nxg5 O-O-O
16.Nxe6 fxe6 17.Na4 Qb4 18.a3 Qa5 19.Qxe7 Qxe5 20.Nb6+ Kc7 21.Nxd7 Rxd7 22.Qxf8 Rg7
23.Rad1 Qg5 24.g3 Kb6 25.Qd8+ Ka7 26.Qxg5  1-0

[Event "Miskolc Avas op"]
[Site "Miskolc"]
[Date "1999.??.??"]
[Round "2"]
[White "Kerek, Krisztian"]
[Black "Boer, Levente"]
[Result "1-0"]
[WhiteElo "2345"]
[BlackElo "2170"]

1.e4 c5 2.Nf3 Nc6 3.Bb5 Na5 4.O-O a6 5.Be2 e6 6.Re1 Qc7 7.c3 b5 8.d4 Bb7
9.Bd3 Nf6 10.dxc5 Nc4 11.b4 Be7 12.Bxc4 bxc4 13.Qd4 O-O 14.Nbd2 Rad8 15.Nxc4 d5
16.cxd6 Bxd6 17.Nxd6 Rxd6 18.Qc5 Rc6 19.Qe5 Rxc3 20.Qxc7 Rxc7 21.Nd2 Rc2
22.f3 Rd8 23.Nb3 Bc6 24.Bg5 Bb5 25.a4 Bc4 26.Nc5 Rb8 27.Rac1 Rxc1 28.Rxc1 Rxb4
29.Nd3 Rxa4 30.Nb2 Bb5 31.Rc8+ Ne8 32.Nxa4 Bxa4 33.e5 h6 34.Be7 Kh7 35.Kf2 Kg6
36.Ke3 f5 37.Kd4 Kf7 38.Bb4 g5 39.Ra8 Bb5 40.Ra7+ Kg6 41.Bf8 h5 42.g3 h4
43.g4 Bc6 44.Re7 Bxf3 45.gxf5+ exf5 46.Rxe8 g4 47.Ke3 h3 48.Kf4  1-0

[Event "Miskolc Avas op"]
[Site "Miskolc"]
[Date "1999.??.??"]
[Round "4"]
[White "Barabas, Tibor"]
[Black "Hidegh, Gabor"]
[Result "1-0"]
[WhiteElo "2110"]
[BlackElo "2060"]

1.e4 c5 2.Nf3 Nc6 3.Bb5 e6 4.O-O a6 5.Bxc6 bxc6 6.e5 Ne7 7.d3 Ng6 8.Nbd2 Be7
9.Nc4 Qc7 10.Bd2 O-O 11.Ba5 Qa7 12.a4 f6 13.exf6 Rxf6 14.Qe2 Rb8 15.Bc3 Rf8
16.Nfe5 Nxe5 17.Bxe5 Rb4 18.Qg4 Rf7 19.Bc3 Rb8 20.Ne5 Rf6 21.h4 Qc7 22.Nf3 Rf7
23.Ng5 Bxg5 24.Qxg5 Qb6 25.a5 Qb5 26.Be5 Rb7 27.c4 Qb3 28.Ra3 Qc2 29.Qe3 Rxb2
30.Bxb2 Qxb2 31.Raa1 Qd4 32.Qxd4 cxd4 33.Rab1 g6 34.Rb8 Rf8 35.c5 Kf7 36.Rfb1 e5
37.Ra8 d6 38.Rbb8 dxc5 39.Rxc8 Rxc8 40.Rxc8 Ke6 41.Rxc6+ Kd5 42.Rc8 e4 43.Rd8+ Ke5
44.Re8+ Kd5 45.Rxe4 c4 46.Re8  1-0

[Event "Miskolc Avas op"]
[Site "Miskolc"]
[Date "1999.??.??"]
[Round "7"]
[White "Kotan, Ladislav"]
[Black "Bogdan, Dan"]
[Result "1-0"]
[WhiteElo "2305"]
[BlackElo "2365"]

1.e4 c5 2.Nf3 Nc6 3.Bb5 g6 4.O-O Bg7 5.Re1 e5 6.Bxc6 bxc6 7.c3 Ne7 8.d4 cxd4
9.cxd4 exd4 10.Nxd4 O-O 11.Nc3 Rb8 12.Rb1 h6 13.Bf4 Rb4 14.Nc2 Rc4 15.Qd2 Kh7
16.Bd6 Re8 17.Qe2 Ba6 18.Ne3 Nc8 19.Bg3 Rxc3 20.Qxa6 Rc5 21.Qd3 d5 22.exd5 cxd5
23.Red1 Ne7 24.Bh4 Qd7 25.Bxe7 Rxe7 26.b4 Rc3 27.Qxd5 Qa4 28.g3 Ra3 29.Rd2 Bc3
30.Rd3 Bxb4 31.Rxa3 Qxa3 32.Nc2 Qc3 33.Nxb4 Re1+ 34.Rxe1 Qxe1+ 35.Kg2 Qxb4
36.Qxf7+ Kh8 37.Qxg6  1-0

[Event "Mondariz-B"]
[Site "Mondariz"]
[Date "1999.??.??"]
[Round "3"]
[White "Fernando, Diogo"]
[Black "Bueno Abalo, Manuel"]
[Result "0-1"]
[WhiteElo "2220"]
[BlackElo "2175"]

1.e4 c5 2.Nf3 Nc6 3.Bb5 g6 4.O-O Bg7 5.Nc3 d6 6.e5 d5 7.d4 c4 8.b3 cxb3 9.axb3 Nh6
10.h3 O-O 11.Bf4 f6 12.Nxd5 fxe5 13.dxe5 Be6 14.Bc4 Kh8 15.Bxh6 Bxh6 16.Ne3 Bxe3
17.Bxe6 Bf4 18.Re1 Qc7 19.Qe2 Nb4 20.Bc4 b5 21.Bd3 Rac8 22.Nd4 Qb6 23.Qe4 Bd2
24.Re2 Rf4 25.Rxd2 Rxe4 26.Bxe4 Rd8 27.Rad1 Na2 28.Nc6 Rxd2 29.Rxd2 Qc5 30.Rd5 Qc3
31.Kh2 Qe1 32.Bf3 Nc3 33.Rd8+ Kg7 34.Rd7 Qxf2 35.Rxe7+ Kh6 36.Rxa7 Nb1 37.Rf7 Nd2
38.Bd5 Nf1+ 39.Kh1 Qe1 40.c4 bxc4 41.bxc4 Ng3+ 42.Kh2 Ne2  0-1